| 000 | 00588nam a22002052 4500 | ||
|---|---|---|---|
| 001 | 0000001274 | ||
| 005 | 20151217151811.0 | ||
| 008 | 070228s xx 000 0 eng d | ||
| 020 |
_a1573921394 : _cKES 1,190 |
||
| 040 |
_aKABU _cKABU |
||
| 050 | 0 |
_aHB99.7 _b.K49 |
|
| 100 | 1 |
_aKeynes, John Maynard. _@0000149911 |
|
| 245 | 1 | 4 | _aThe General theory of employment, interest and money. |
| 260 |
_aNew York : _bPrometheus, _c1997. |
||
| 300 | _axvi, 403 p. | ||
| 650 | 0 |
_aEconomics. _@0000148279 |
|
| 908 | _a070228 | ||
| 950 | _@1 | ||
| 999 |
_c5173 _d5173 |
||